000 00542nam a2200193Ia 4500
005 20250326142644.0
008 250326s9999 xx 000 0 und d
020 _a0-19-828756-9
037 _aTextbook
040 _aFMSL
_beng
_cFMSL
041 _aeng
_2eng
084 _aX:16 N3
_qFMSL
100 _aDas Gupta Partha
245 0 _aInquiry into well Being and destitation
_cDas Gupta Partha
260 _aOxford
_bOxford, Clarendon Press
_c1993
300 _axviii,661
942 _cTB
_hX:16 N3
999 _c1296033
_d1296033